| 000 | 00560 a2200229 4500 | ||
|---|---|---|---|
| 001 | 3274 | ||
| 005 | 20140414132017.0 | ||
| 020 | _a0-590-48419-2 | ||
| 050 |
_aTR _bC61F 1994 |
||
| 100 | 1 | _aBridwell, Norman | |
| 245 | 1 | 0 |
_aClifford: the firehouse dog / _cNorman Bridwell. |
| 260 |
_aNew York : _bScholastic, _c1994. |
||
| 300 | _ap. : ill. ; cm. | ||
| 440 | 0 | _aClifford the big red dog | |
| 650 | 4 |
_aDogs _xFiction. |
|
| 650 | 4 |
_aFirefighter _xFiction. |
|
| 999 |
_c113398 _d113398 |
||